正しい駅の所在地サドンデス - Statistics

General Stats
  • This quiz has been taken 445 times
    411 since last reset
  • The average score is 4 of 21
Answers on the Grid
Answers color-coded by a green-red scale on the quiz's grid according to % correct below.
新函館北斗(函館市)
七戸十和田(七戸町)
十和田南(十和田市)
八幡平(八幡平市)
仙台空港(仙台市太白区)
白石蔵王(蔵王町)
新白河(白河市)
香取(香取市)
習志野(習志野市)
芝山千代田(芝山町)
行田(行田市)
新古河(古河市)
志木(志木市)
ふじみ野(ふじみ野市)
鶴ヶ島(鶴ヶ島市)
狭山ヶ丘(狭山市)
北品川(品川区)
中目黒(目黒区)
渋谷(渋谷区)
中野富士見町(中野区)
豊島園(練馬区)
下板橋(板橋区)
東武練馬(練馬区)
花小金井(小金井市)
東大和市(東大和市)
西武立川(立川市)
西国立(国立市)
小田急相模原(相模原市)
厚木(厚木市)
逗子・葉山(逗子市)
箱根板橋(箱根町)
魚沼中条(魚沼市)
東栄(東栄町)
白川口(白川町)
豊明(豊明市)
清洲(清須市)
伊賀神戸(伊賀市)
東淀川(大阪市東淀川区)
淀川(大阪市淀川区)
住之江(大阪市住之江区)
四条畷(四條畷市)
灘(神戸市灘区)
瀬戸(瀬戸内市)
北伊予(伊予市)
大野城(大野城市)
 
Answer Stats
Answer % Correct
七戸十和田(七戸町)
48%
渋谷(渋谷区)
36%
行田(行田市)
33%
香取(香取市)
32%
北品川(品川区)
31%
芝山千代田(芝山町)
27%
中目黒(目黒区)
26%
逗子・葉山(逗子市)
19%
豊島園(練馬区)
18%
豊明(豊明市)
15%
鶴ヶ島(鶴ヶ島市)
14%
小田急相模原(相模原市)
12%
中野富士見町(中野区)
11%
西武立川(立川市)
11%
東大和市(東大和市)
9%
伊賀神戸(伊賀市)
8%
大野城(大野城市)
8%
灘(神戸市灘区)
7%
東栄(東栄町)
5%
白川口(白川町)
4%
住之江(大阪市住之江区)
3%
No matching quizzes found
Score Distribution
Percent of People with Each Score
Percentile by Number Answered
Your Score History
You have not taken this quiz since the last reset